000 004420000a22001810004500
003 MACL
005 20160121125536.0
008 160121b xxu||||| |||| 00| 0 eng d
040 _aMACL
_cmacl
041 _aEnglish
082 _a370/SAW
100 _aSawlashwa, Dr B K
_933439
245 _aUGC NET/SLET Education
260 _bCosmos Bookhive LTD
_aNew Delhi
350 _a250
650 _aEducation
_933886
942 _cBK
_k370/SAW
_2ddc
999 _c33184
_d33184